[Event "Bundesliga 0304"]
[Site "Germany"]
[Date "2003.12.14"]
[Round "6.1"]
[White "McShane, Luke J"]
[Black "Schmittdiel, Eckhard"]
[Result "1-0"]
[WhiteElo "2619"]
[BlackElo "2483"]
[Annotator "Oratovsky,M"]
[PlyCount "131"]
[EventDate "2003.11.01"]
[EventType "team-tourn"]
[EventRounds "15"]
[EventCountry "GER"]
[SourceTitle "CBM 099"]
[Source "ChessBase"]
[SourceDate "2004.03.30"]
[SourceVersion "1"]
[SourceVersionDate "2004.03.30"]
[SourceQuality "1"]
[WhiteTeam "Werder Bremen"]
[BlackTeam "Stuttgart"]
[WhiteTeamCountry "GER"]
[BlackTeamCountry "GER"]

1. e4 {[%mdl 5]} c5 2. Nf3 Nc6 3. Bb5 g6 4. Bxc6 dxc6 5. d3 Bg4 {Usualy black
plays Bg7. After Bg4 white has a sligtly better position, but black has
increased his chances to reach equality.} 6. Nbd2 Bg7 7. h3 Bxf3 8. Nxf3 (8.
Qxf3 Nf6 9. Nc4 Nd7 10. O-O O-O 11. Qg3 Nb6 12. Ne3 Qd6 13. Qh4 c4 $5 14. Nxc4
Nxc4 15. dxc4 Qe6 $11 {1/2-1/2 Kindermann,S-Degraeve,J/Chalkidiki 2002/CBM 92 
(25). (25)}) 8... Nf6 (8... e5 9. Be3 Qe7 10. O-O Nf6 11. a3 O-O 12. Qd2 {
[%cal Gd2c3]} b6 13. b4 c4 14. Qc3 cxd3 15. cxd3 Rac8 16. a4 c5 17. Rfc1 Nh5
18. bxc5 Nf4 19. Bxf4 exf4 20. e5 Rxc5 21. Qe1 g5 22. Rxc5 bxc5 23. Qe4 $16 {
1-0 Sulskis,S-Agamaliev,G/Bydgoszcz 1999/EXT 2000 (41). (40)}) 9. O-O (9. Qe2
Nd7 10. O-O e5 11. Be3 Qe7 12. c3 Nf8 13. a3 Ne6 14. b4 O-O 15. Rfd1 b6 16. Qb2
Rfe8 17. b5 cxb5 18. Qxb5 Rad8 19. a4 $13 {1-0 Ovetchkin,R-Vasiliev,V/Tula
2003/EXT 2004 (43). (42)}) 9... O-O 10. Qe2 (10. Be3 c4 11. e5 Nd5 12. Bg5 (12.
dxc4 Nxe3 13. fxe3 Qa5 14. Qe1 $13) 12... cxd3 13. Qxd3 h6 14. Bh4 Qb6 $11 {
1-0 Kindermann,S-Schmittdiel,E/Austria 2003/EXT 2004 (47). (46)}) (10. Bg5 h6
11. Be3 b6 12. Qd2 Kh7 13. Rad1 Ne8 14. c3 e5 15. Qc2 Qe7 16. d4 exd4 17. cxd4
Nd6 18. e5 Nf5 19. Qe4 cxd4 20. Bxd4 $11 {1/2-1/2 Baklan,V-Guseinov,K/Batumi
2002/CBM 90 (149). (149)}) 10... Ne8 {[%csl Gd4][%cal Ge8c7,Gc7e6,Ge6d4]} 11.
Be3 b6 12. c3 {[%cal Gd3d4] Now black has no time to transfer his knight to e6,
so the e5 move is forced.} e5 13. Rfd1 Qe7 14. Rac1 (14. a4 Nc7 (14... a5 15.
b4 $1) 15. a5 Ne6 16. Qc2 Rfd8 $11) 14... Nc7 15. b4 $5 (15. d4 exd4 16. cxd4
Qxe4 17. dxc5 Nd5 $132) 15... Ne6 (15... cxb4 16. cxb4 Qxb4 17. Rxc6 Ne6 18.
Qc2 $5 $14 {[%cal Gc2b3,Yg1f1,Yf1e2] with a slightly better ending.} (18. Rdc1
Rad8 19. Ng5 Nd4 20. Bxd4 Rxd4 {[%cal Gg7h6]} 21. Nf3 Rd7 $11)) 16. Qb2 (16.
bxc5 Nxc5 17. Bxc5 Qxc5 18. d4 Qe7 $11) 16... f5 17. exf5 gxf5 18. Qb3 {
[%cal Gf3g5]} Kh8 19. Re1 {[%cal Ge1e7]} Rg8 (19... f4 20. Bd2 Qd6 21. Qc4 Rad8
22. bxc5 Nxc5 23. d4 $16) 20. bxc5 f4 (20... Nxc5 21. Bxc5 (21. Qa3 $5) 21...
Qxc5 (21... bxc5 22. Rb1 (22. Qc4 {[%csl Re5][%cal Ge1e2,Gc1e1]})) 22. d4 exd4
23. cxd4 Qd5 24. Qxd5 cxd5 25. Re7 $16) {[%tqu "En","","","","e3d4","",10]} 21.
Bd4 $1 $16 Bf6 (21... exd4 22. Qxe6 (22. Rxe6 Qxc5 23. c4 Rae8 24. Rce1 Rxe6
25. Rxe6 $16 {[%csl Rh8][%cal Gb3d1,Gd1e2,Ge2e4]}) 22... Qxe6 23. Rxe6 dxc3 24.
Rxc6 $16 {[%cal Gd3d4]}) 22. Bxe5 Raf8 {[%cal Ge7g7]} 23. g4 $1 {Looks like
the best move in this position.Too dangerous for white is} (23. Bxf4 $6 Rxg2+
24. Kf1 (24. Kxg2 $6 Nxf4+ $40 {[%cal Re7d7,Rd7h3]}) 24... Rxf2+ 25. Kxf2 Bh4+
26. Kf1 (26. Bg3 Qxc5+ 27. d4 Qf5 28. Re3 Bxg3+ 29. Kxg3 Ng5 $1 $40 {[%csl Rg3]
}) (26. Nxh4 Qxh4+ 27. Ke2 Nxf4+ 28. Kd1 Nxd3 $17) 26... Bxe1 27. Rxe1 (27.
Be5+ Ng7) 27... Rxf4 28. Qxe6 Rxf3+ 29. Kg2 Qxe6 30. Rxe6 Rxd3 31. cxb6 axb6
32. Rxc6 b5) ({or} 23. cxb6 Qg7 24. g4 fxg3 25. Bxg3 Nf4 $40 {[%cal Gf4d3,
Gf4h3]} 26. Re3 $8 Qh6 $1 {[%cal Gh6h3]} 27. h4 Nxd3 $1 $17 {[%csl Rc1][%cal
Rh6c1]}) (23. d4 Qg7 24. Nh4 Nxc5 25. Bxf6 Qxf6 26. dxc5 Qxh4 $13 {[%cal Gf4f3]
}) 23... fxg3 24. Bxg3 Qxc5 {[%cal Rg8g3]} 25. d4 Qf5 26. Qxe6 Qxf3 27. Re3 Qh5
28. Rce1 $16 {The end of all comlications. It looks like the game goes to a
quite ending where white has a pawn up.} Rg6 (28... c5 29. Kh2 cxd4 30. Re5 $1
Qf7 31. Qxf7 Rxf7 32. cxd4 Rd7 33. R1e4 $1 $16) 29. Qd7 Rg7 30. Qd6 (30. Qxc6
$5 {[%cal Ge3e8] another possibility was to trade all the rooks and to keep
queens on the board} Qxh3 31. Re8 Rgg8 32. Rxf8 Rxf8 33. Re8 Rxe8 34. Qxe8+ Kg7
35. Qa4 {[%csl Ra7]} a5 36. Qc6 $18) 30... Qf7 31. Qxf8+ Qxf8 32. Re8 Kg8 33.
Rxf8+ Kxf8 34. Re6 Bh4 35. Kg2 c5 36. d5 (36. Kf3 Bxg3 37. fxg3 cxd4 38. cxd4
Rf7+ 39. Ke4 Rf2 40. a3 Ra2 41. Rf6+ Ke7 42. Rf3 $16) (36. dxc5 bxc5 37. Rc6
Bxg3 38. fxg3 Rd7 39. Rxc5 Rd2+ 40. Kf3 Rxa2 41. Rc7 $16) 36... c4 37. Kf3 Bxg3
38. fxg3 Rg5 39. Rc6 Rxd5 40. Rxc4 {The winning of this ending is just a
question of time. White should move his king on the queenside then to create a
passer on the kingside to deflect blacks king. Then the rest will be matter of
technique.} Ra5 41. a4 h5 42. Ke3 Kf7 43. Kd3 Rg5 44. g4 hxg4 45. hxg4 Ra5 46.
Re4 Kf6 47. Kc2 Kg5 48. Kb3 Ra6 49. Rd4 Ra5 50. c4 Ra6 51. Kb4 Kh4 52. Ka3 Kg5
(52... Ra5) 53. Kb3 $22 {The rule of triangle, typical for pawn endings, also
works here!} Kh4 54. Rd6 {[%cal Gc4c5]} Ra5 55. Rg6 Re5 56. Kc3 Re3+ (56... Ra5
57. Kb4 Re5 58. Rg8 Rc5 59. Rg7 Ra5 60. g5 Kh5 61. Rd7 $1 {[%cal Gd7d5]} Kxg5
62. Rd5+ Rxd5 63. cxd5 a6 (63... Kf6 64. Kb5 Ke7 65. Ka6 $18) 64. a5 bxa5+ 65.
Kc5 Kf6 66. Kc6 $18) 57. Kb4 Re1 58. a5 $18 Rb1+ 59. Kc3 Rc1+ (59... bxa5 60.
c5 Rc1+ 61. Kd4 a4 62. Ra6 Kxg4 63. Rxa4 Kf5 64. Kd5 $18) 60. Kd4 Rd1+ 61. Ke5
Rc1 62. Kd5 Rd1+ 63. Kc6 bxa5 64. Kb5 Rc1 65. Ra6 Kxg4 66. Rxa5 1-0

[Event "GER-ch 75th"]
[Site "Hoeckendorf"]
[Date "2004.02.06"]
[Round "8"]
[White "Rabiega, Robert"]
[Black "Schebler, Gerhard"]
[Result "1-0"]
[WhiteElo "2527"]
[BlackElo "2480"]
[Annotator "Oratovsky,M"]
[PlyCount "63"]
[EventDate "2004.01.30"]
[EventType "swiss"]
[EventRounds "9"]
[EventCountry "GER"]
[SourceTitle "CBM 100"]
[Source "ChessBase"]
[SourceDate "2004.06.01"]
[SourceVersion "1"]
[SourceVersionDate "2004.06.01"]
[SourceQuality "1"]

1. e4 {[%mdl 12]} c5 2. Nf3 Nc6 3. Bb5 Nf6 4. Bxc6 dxc6 5. d3 g6 6. h3 Bg7 7.
Nc3 e5 $6 {It looks like black made a mistake with the move order. The usual
continuations are:} (7... Nd7) (7... O-O {[%cal Ge7e5,Gb7b6]}) (7... b6 $5) 8.
Nxe5 $1 (8. Be3 $143 $6 Qd6 9. Qd2 O-O 10. Bh6 Be6 11. O-O-O a5 12. Kb1 a4 13.
g4 b5 {now we can see the difference of this move order with the main line -
black didn't lose time for b7-b6.} 14. Ne2 b4 $132 {1-0 Papa,S-Delchev,A/Saint
Vincent 2003/CBM 92 ext (45). (44)}) 8... Nxe4 9. Nxe4 Bxe5 10. O-O c4 (10...
O-O 11. Nxc5 f5 12. c3 b6 13. Qb3+ (13. d4 $5 {[%cal Gc5d3]}) 13... Qd5 14.
Qxd5+ cxd5 15. Re1 Bg7 16. Nb3 Ba6 17. d4 $16 {1-0 Drabke,L-Lang,S/Forchheim
2002/CBM 90 ext (28). (27)}) (10... Qe7 11. Re1 Be6 12. Qe2 (12. Ng5 $5 Bf6 13.
Nxe6 fxe6 14. Qg4 Kf7 15. Bh6 {[%cal Ge1e3,Ga1e1]} Bxb2 16. Rab1 Bc3 17. Rxb7
$18) 12... O-O 13. Nxc5 Bd4 (13... Bxb2 14. Bxb2 Qxc5 15. Qf3 $16 {[%cal Gf3f4,
Ge1e5]}) 14. Ne4 Rfe8 15. c3 Bg7 16. Bf4 $16 {1/2-1/2 Paillard,D-Hernandez,R/
Andorra 2000/CBM 76 ext (17). (16)}) 11. Re1 Be6 (11... O-O 12. Bh6 (12. Nd2 $5
{[%cal Rd2c4]} Bg7 13. Nxc4 Be6 $14) 12... Bxb2 (12... Re8 13. Bg5 $16 Qd7 14.
Bf6 $16) 13. Bxf8 Qxf8 14. Rb1 Bg7 15. dxc4 $16) 12. Bg5 ({White could get a
clear l edge also after} 12. Nc5 Qf6 13. Nxe6 fxe6 14. Qe2 $16) 12... Qd4 13.
Qf3 h6 (13... cxd3 14. c3 Qd5 15. Bf6 $16 (15. Nf6+ Bxf6 16. Qxf6 Kd7 17. Rad1
$36)) 14. c3 Qxd3 15. Re3 Qc2 16. Nf6+ Kd8 ({doesn't change a lot} 16... Kf8
17. Bh4 g5 $8 18. Rxe5 gxh4 19. Rxe6 fxe6 20. Ne4+ Kg8 $8 (20... Ke8 21. Qf6
Rf8 22. Qxe6+ Kd8 23. Qd6+ Ke8 24. Rd1 $18) 21. Rd1 Rh7 $8 22. Nf6+ Kh8 23.
Nxh7 Qxh7 24. Rd6 Re8 25. Qh5 $18) 17. Bh4 g5 (17... Bc7 18. Rxe6 fxe6 19. Ng8+
$1 {[%csl Rf8]} Ke8 20. Qf6 Rh7 21. Qxe6+ Kf8 22. Nxh6 $1 $18 {[%cal Ge6g8]}
Rxh6 23. Be7+ Kg7 24. Bf6+ $18) 18. Rxe5 gxh4 19. Ne4 Kc7 20. Qf4 Kb6 21. Qe3+
Kc7 22. Qf4 {As usual - timetrouble for the famous blitz player Rabiega!} Kb6
23. a4 a5 24. Qe3+ Kc7 25. Qf4 Kb6 {[%tqu "En","","","","e5b5","",10]} 26. Rb5+
$1 $18 cxb5 27. Qd6+ Ka7 28. axb5 a4 29. Qc5+ Kb8 30. Qd6+ Ka7 31. Qc5+ Kb8 32.
b6 (32. b6 Ra5 $8 33. Qxa5 {[%cal Ge4c5]} Qxe4 34. Rxa4 Kc8 35. Qc5+ $1 Qc6 36.
Qxc6+ bxc6 37. Ra8+ $18) 1-0

[Event "Moscow Aeroflot op"]
[Site "Moscow"]
[Date "2002.02.05"]
[Round "2"]
[White "Kogan, Artur"]
[Black "Shushpanov, Rustam"]
[Result "0-1"]
[WhiteElo "2568"]
[BlackElo "2460"]
[Annotator "Oratovsky,M"]
[PlyCount "100"]
[EventDate "2002.02.04"]
[EventType "swiss"]
[EventRounds "9"]
[EventCountry "RUS"]
[SourceTitle "CBM 088"]
[Source "ChessBase"]
[SourceDate "2002.03.21"]
[SourceVersion "1"]
[SourceVersionDate "2002.03.21"]
[SourceQuality "1"]

1. e4 {[%mdl 2084]} c5 2. Nf3 Nc6 3. Bb5 g6 4. O-O {I prefere in this position
exchange on c6.After this white has clear play against double "c" pawns and
bishop on c8} Bg7 5. Re1 Nf6 6. d4 (6. e5 Ng4 (6... Nd5 $5 7. Nc3 Nc7 8. Bxc6
dxc6 9. d3 O-O $132 {[%cal Gc7e6,Yf7f5]}) 7. Bxc6 dxc6 8. Nc3 O-O 9. h3 Nh6 10.
Ne4 b6 11. d3 f6 12. Bf4 Nf7 13. Ng3 fxe5 $6 (13... h6 $5 14. e6 Ng5 $13) 14.
Nxe5 Qc7 (14... Qd4 $5 15. Ne2 Qxb2 $132) 15. Nxg6 e5 16. Nxf8 exf4 17. Re8
Bxf8 18. Ne4 $36 {Cuartas,C-Puhm,A/Nice olm 1974/1-0 (63)}) 6... cxd4 7. e5 (7.
Nxd4 $6 O-O 8. Nc3 a6 9. Bf1 d6 10. h3 Nxd4 11. Qxd4 Be6 $11 {0-1 Romao,
A-Frois,A/POR-chT 1993 (27)}) 7... Nd5 8. Bxc6 dxc6 (8... bxc6 9. Qxd4 O-O (
9... Qb6 10. Qh4 h6 11. Na3 $6 {[%csl Ra3] 0-1 Pritulina,S-Piarnpuu,L/Tallinn
1999/EXT 2000 (55)} (11. c4 Nc7 12. Nc3 Ne6 13. b3 $14)) 10. c4 Nc7 11. Qh4 Ne6
12. Bh6 f6 13. Bxg7 Kxg7 14. Nd4 $1 $14 {and white has visible space advantage.
}) 9. Qxd4 {favorite line of GM Yurtaev} Bf5 {its better than} (9... O-O $6 10.
Qh4 Qa5 (10... f6 11. Na3 Kh8 12. Bd2 Bf5 13. c4 Nb6 14. Rad1 g5 15. Qg3 Qb8
16. Bb4 Re8 17. Nd4 Bd7 18. e6 Qxg3 19. hxg3 Bc8 20. Nf5 Bf8 21. b3 a5 22. Bc5
Ra6 23. Nc2 Na8 24. Bxe7 Bxe7 25. Nxe7 Rxe7 26. Rd8+ Kg7 27. Rxc8 c5 28. f4 Nc7
29. Rxc7 {1-0 Magem Badals,J-Rivas Vila,D/Lisbon 2001/EXT 2002 (29)}) 11. Bh6 {
[%csl Rg8,Rh7][%cal Gf3g5] white has a strong pressure on kingside.} Qb4 12. c4
Nb6 (12... Qxb2 13. Nbd2 Nc3 14. Ng5 Ne2+ 15. Kf1 Qd4 16. Nde4 f6 17. exf6 Bxf6
18. Rad1 $18 {[%csl Rd4,Re2,Rf8]}) 13. Nbd2 Rd8 14. b3 Bf5 15. Ne4 Nd7 16. Neg5
$16 {1-0 Velasquez Ojeda,C-Silva,S/Santiago 1993/EXT 99 (30)}) 10. Na3 h6 (
10... b6 11. Qh4 Qc7 12. Bh6 Bxh6 13. Qxh6 O-O-O 14. Ng5 $6 (14. Nd4 $5) 14...
Rdf8 15. h3 f6 16. Nf3 g5 17. Rad1 Nf4 18. Nd4 Rfg8 $5 $132 {[%csl Rh6] 1-0
Yurtaev,L-Hlavac,R/Bratislava 1991/EXT 2001 (68)}) (10... Qb6) 11. Bd2 $5 {
preparing c4 and taking under control b4 square} (11. Qh4 g5 $6 12. Qg3 Qb6 13.
Nc4 Qb4 $2 (13... Qa6 $142 14. b3 Bxc2 15. Bb2 $44) 14. b3 $14 {[%cal Gc1a3]
1-0 Kogan,A-Pira,D/Cannes 2000/CBM 76(32)}) 11... Qc8 (11... Qb6 12. c4 Qxd4
13. Nxd4 Nc7 14. Nxf5 gxf5 15. Nc2 O-O-O 16. Bc3 $14 {[%cal Gc2d4,Gc2e3] to
provoke e6(black can not occupate this square with both-knight and pawn!)}) 12.
c4 Nc7 13. Qh4 Ne6 14. Rad1 g5 15. Qg3 Qc7 (15... Nc5 $5 {[%cal Gc5d3,Gc5e4]}
16. Nd4 Bg6 17. Ba5 $5 {to provoke some weaknesses in the black camp} O-O 18.
Qe3 $13) 16. Bc3 Rd8 17. h4 g4 ({Black had a good opportunety to take over an
initiative after simple} 17... Rxd1 18. Rxd1 Nf4 $1 {[%cal Gf4e2]} 19. Rd2 Nh5
$1 {[%csl Rg3]} 20. Qh2 g4 21. Ne1 g3 $1 22. fxg3 Bxe5 23. Bxe5 Qxe5 $17) 18.
Nd4 Nxd4 19. Bxd4 O-O 20. Qf4 e6 $5 {this move looks dubious,weakening d6
square,but probably after exact 21. ...b5 blacks buisness is not so bad} 21. c5
{[%csl Gd6][%cal Ga3c4,Gc4d6]} b5 $8 22. cxb6 axb6 23. Nc4 c5 24. Be3 Rxd1 25.
Rxd1 Rd8 26. Nd6 (26. Rd6 $1 Rxd6 (26... b5 27. Rxd8+ Qxd8 28. Nd6 $14 {
[%csl Rb5,Rc5]}) 27. Nxd6 Bg6 28. Bd2 Qd8 $1 {[%cal Gd8h4]} 29. Qg3 Qa8 30. Bc3
h5 31. a3 Qd5 $13) 26... Bg6 27. Rd2 h5 28. Qg3 Ra8 29. a3 Qc6 30. Bg5 {
[%cal Gg5f6]} c4 31. Qc3 b5 32. Bf6 Bh6 33. Rd1 Qc5 34. Nb7 Qc6 35. Nd6 Qc5 36.
Nb7 (36. Qd4 $142 Qxd4 37. Rxd4 $14 {with better ending}) 36... Qc6 37. Nd8 $6
{[%csl Gd6,Rd8][%cal Rd6c6,Rc6b7,Rb7c8,Rc8d8] strange maneuvre,probably in
timetrouble.There is nothing to do to white knight on d8} Qc5 38. Rd4 Rb8 {
[%csl Gb7][%cal Gd8b7]} 39. Rd6 Bf8 40. Qd2 g3 $1 (40... Bxd6 41. Qh6 $18) 41.
Nc6 $2 {losing by force,but also after} (41. Rd7 b4 42. axb4 Rxb4 {[%csl Rb2]
[%cal Rg3f2,Rc4c3] whites position is hopeless}) 41... gxf2+ 42. Qxf2 Bxd6 43.
exd6 Qxc6 44. Qd2 Qc5+ 45. Kh1 Qf5 $19 46. Be7 Qd3 47. Qh6 b4 48. axb4 Ra8 49.
Kh2 Qd4 50. Qg5 Kh7 0-1

[Event "FRA-chT Gp-B"]
[Site "France"]
[Date "2003.02.01"]
[Round "2.5"]
[White "Baklan, Vladimir"]
[Black "Wagner, Claude"]
[Result "1-0"]
[WhiteElo "2605"]
[BlackElo "2360"]
[Annotator "Oratovsky,M"]
[PlyCount "107"]
[EventDate "2003.01.31"]
[EventType "team"]
[EventRounds "7"]
[EventCountry "FRA"]
[SourceTitle "CBM 094"]
[Source "ChessBase"]
[SourceDate "2003.05.26"]
[SourceVersion "1"]
[SourceVersionDate "2003.05.26"]
[SourceQuality "1"]
[WhiteTeam "Mulhouse"]
[BlackTeam "Bischwiller"]
[WhiteTeamCountry "FRA"]
[BlackTeamCountry "FRA"]

1. e4 c5 2. Nf3 Nc6 3. Bb5 g6 4. Bxc6 bxc6 5. O-O Bg7 6. Re1 Nh6 7. c3 O-O 8.
d4 cxd4 9. cxd4 d6 10. h3 f6 11. Nc3 Nf7 12. Be3 (12. Bf4 $6 Qa5 13. Qc2 Bd7
14. Rad1 Qh5 15. Qd3 g5 16. Bg3 Qg6 17. h4 h6 $132 {1-0 Ribeiro,F-Hernandez,T/
Cienfuegos 1996/CBM 52 ext (56)}) ({In my opinion white can reach more
comfortable position,playing} 12. b3 {[%cal Gc1b2,Gd1e2,Ga1d1] keeping both
central files open for major pieces.} Qa5 (12... g5 13. Bb2 g4 14. hxg4 Bxg4
15. Qd3 e5 16. Ne2 $6 (16. d5 $5 c5 17. Nh4 $14 {[%csl Gf5][%cal Gc3d1,Gd1e3,
Gf2f3]}) 16... d5 $1 $132 {1-0 Lobron,E-Pachow,J/Germany 2001/CBM 82 ext (44).
(43)}) (12... f5 $5 {favorite continuation of GM Y.Yakovich} 13. e5 dxe5 14.
dxe5 Qxd1 15. Nxd1 c5 16. Bb2 Bb7 17. e6 Nd8 18. Bxg7 Kxg7 19. Ne5 Rf6 20. Nc3
Rxe6 21. Na4 Rc8 22. Rac1 Nf7 23. Nd3 Rxe1+ 24. Rxe1 c4 25. bxc4 Rxc4 26. Rxe7
Rxa4 {1/2-1/2 Lobron,E-Yakovich,Y/Saint Vincent 2000/CBM 78 (26).}) 13. Bb2 Qh5
14. Ne2 Ng5 (14... Qb5 $5 {was played in the game Oratovsky,M-Malakhov,V
Bad-Wiesse 2001}) 15. Nxg5 fxg5 (15... Qxg5 16. Qc1 $5 $14) 16. Qd3 Kh8 17. Ng3
Qh4 18. Rac1 Bb7 19. Rc2 g4 20. hxg4 Qxg4 21. d5 $14 {1-0 Mastrokoukos,
G-Tziallilas,K/Nikea 2002/CBM 89 ext (40). (39)}) 12... Bd7 (12... Qa5 13. Nd2
Rb8 14. Qc2 Bd7 15. f4 $6 (15. a3 $5 {[%cal Yb2b4]}) 15... Qh5 16. Nf1 e5 $132
{0-1 Zaitsev,V-Samojlov,A/Rybinsk 2001/EXT 2002 (42)}) (12... f5 $5) (12... Rb8
13. Qa4 Rxb2 14. Qxc6 f5 15. Qa4 fxe4 16. Nxe4 Qb6 17. Ned2 Rb4 18. Qa3 Bf5 $15
{0-1 Nevednichy,V-Goldin,A/Cetinje 1993/EXT 2002 (28). (27)}) 13. Rc1 Kh8 14.
Qe2 Qb8 15. b3 {in the next 10 moves white transforms his position in one,
mentioned above ( see comm.for the 12.b3)} Qb7 16. Qc4 Rab8 17. Bd2 Qb6 18. Be3
Qb7 19. Qd3 Rbe8 20. Rcd1 Bc8 21. Bc1 Rd8 22. Qc2 Qa6 23. Na4 Qb5 24. Nc3 Qa6
25. Bb2 Bd7 26. d5 {And now the game starts!} c5 27. Ne2 Bh6 28. Bc1 {
neutralizing the only blacks advantage-pair of the bishops!} (28. Nd2 $5 {
[%cal Gd2c4,Gf2f4]}) 28... Bxc1 (28... Bg7 29. Nf4) 29. Nxc1 {[%cal Gd3f4,
Gd3b2,Gb2c4,Yc1d3]} Ne5 30. Qc3 (30. Nd2 g5 31. Re3 $13 {[%cal Gc1d3]}) 30...
Qa3 31. Nd2 g5 32. Nd3 Ng6 33. Nc4 $16 Qa6 34. a4 {[%csl Gb5][%cal Rd7b5]} Rb8
35. Rf1 Rg8 36. Kh2 Ne5 37. Ndxe5 fxe5 38. Rd3 Rbf8 39. Rf3 Qc8 (39... Rxf3 40.
Qxf3 Qc8 41. Qc3 Qf8 $132 {[%cal Gf8f4]}) 40. Rc1 Rf4 $6 {The last move in
time pressure.Cool blooded} (40... Rxf3 41. Qxf3 Qf8 42. Qxf8 Rxf8 43. f3 Rb8
44. Rc3 Kg7 $11 {keeps equality}) {[%tqu "En","","","","c4e5","",10]} 41. Nxe5
$1 dxe5 42. Qxe5+ Rg7 43. Rxf4 gxf4 44. Qxf4 Qg8 45. g4 h5 $6 46. f3 $16 {
[%csl Rd7] According to A.Nimzovitch-the most effective way to cut down
bishops activity is to place your pawns on the same coloured squares as this
bishop.} hxg4 47. hxg4 {[%cal Gh2g3,Gc1h1]} Bxg4 $2 48. fxg4 Rxg4 49. Qe5+ Qg7
(49... Kh7 50. Qh5+ $18) 50. Qxg7+ Rxg7 51. Rxc5 $18 Rg4 52. Rc7 Rxe4 53. Rxa7
Kg8 54. a5 1-0

[Event "Moscow Aeroflot op-A"]
[Site "Moscow"]
[Date "2003.02.11"]
[Round "1"]
[White "Morozevich, Alexander"]
[Black "Savchenko, Stanislav"]
[Result "1-0"]
[WhiteElo "2678"]
[BlackElo "2539"]
[Annotator "Oratovsky,M"]
[PlyCount "50"]
[EventDate "2003.02.10"]
[EventType "swiss"]
[EventRounds "9"]
[EventCountry "RUS"]
[SourceTitle "CBM 094"]
[Source "ChessBase"]
[SourceDate "2003.05.26"]
[SourceVersion "1"]
[SourceVersionDate "2003.05.26"]
[SourceQuality "1"]

1. e4 c5 2. Nf3 Nc6 3. Nc3 g6 4. Bb5 Nd4 (4... Bg7 5. O-O ({White has no
advantage after} 5. Bxc6 bxc6 {when the plan with c3 and d4 has been ruled out.
} 6. O-O Nh6 7. d3 O-O 8. h3 d6 9. e5 Nf5 10. Re1 Rb8 11. Rb1 Be6 12. Bf4 Bd5 {
black has comfortable play Adams,M-Rowson,J 1998}) 5... Nd4 {-see the game}) 5.
Ba4 Bg7 6. O-O a6 (6... Qa5 $6 {[%cal Gb7b5]} 7. Rb1 e6 ({or ...} 7... b5 $5 8.
Nxd4 bxa4 $1 (8... Bxd4 9. Bxb5 Bxc3 10. bxc3 Qxa2 11. Bb2 $16) (8... cxd4 9.
b4 $1 Qa6 10. Bxb5 Qb7 11. Nd5 e6 12. Ba6 $1 $16) 9. Nde2 $14 {[%cal Gb2b3,
Gc1b2]}) (7... Nxf3+ $2 8. Qxf3 Bxc3 9. Qxc3 Qxc3 10. bxc3 $16 {[%cal Gd2d4,
Gc1a3]}) 8. a3 b5 9. b4 Qa6 10. bxc5 $1 Nxf3+ 11. Qxf3 bxa4 12. Nb5 Ke7 (12...
Be5 13. Bb2 $18) 13. d4 f6 14. Nc7 Qc6 15. d5 Qxc5 16. Nxa8 Ba6 17. Re1 Nh6 18.
Be3 Qc8 19. d6+ Kxd6 20. Bxh6 Bxh6 21. Qxf6 Qf8 22. Red1+ {1-0 Morozevich,
A-Yakovich,Y/Maikop 1998}) (6... e6 7. Nxd4 cxd4 8. Nb5 a6 (8... Qb6 9. c3 $5
$16) 9. Nd6+ Ke7 10. Nxc8+ Rxc8 11. d3 h5 12. Qe1 Qc7 13. Bd2 Nh6 14. Ba5 Qb8
15. Qb4+ Qd6 16. Qxb7 Rb8 17. Qc7 Qxc7 18. Bxc7 Rxb2 19. Bb3 $14 {[%csl Rb2]
[%cal Gc7f4,Gf4c1] 1/2-1/2 Nisipeanu,L-Jelen,I/Ljubljana 2002/CBM 88 (57). (56)
}) 7. Nxd4 cxd4 8. Ne2 b5 9. Bb3 Bb7 10. d3 d5 $6 {plausible reason of the
forthcoming difficulties.Better was not to hurry with the contact in the
centre and to develope kingside.} (10... e6 11. f4 Ne7 12. a4 (12. Qe1 Nc6 13.
Qf2 Qe7 14. Bd2 d6 15. Kh1 {[%cal Ge2g1,Gg1f3] tipical plan in this position
is to transfer the knight on f3.} Rg8 $6 16. a4 b4 17. a5 O-O-O 18. c3 $16 {
[%csl Rc8] 1-0 Mitkov,N-Kovalev,A/Bled 2002/EXT 2003 (49). (48)}) 12... O-O 13.
Bd2 d6 14. Qe1 Kh8 15. Qf2 Qb6 16. axb5 axb5 17. Rxa8 Bxa8 18. c3 Nc6 19. Nxd4
Nxd4 20. Be3 e5 21. fxe5 dxe5 22. cxd4 exd4 23. Bd2 $16 {1-0 Fressinet,
L-Apicella,M/France 2000/EXT 2001 (41). (41)}) 11. f3 $1 (11. Ng3 h5 $132 {
[%cal Gh5h4]}) 11... e6 12. Qe1 Ne7 13. Qh4 h6 {black prevents very unpleasant
pin after Bg5,but makes almost impossible castling kingside without creating
additional weaknesses.} (13... O-O 14. Bg5 f6 15. Bd2 $16 {[%csl Gb3,Rd5,Re6]
[%cal Ge2f4,Gb3g8,Gh4h3]}) 14. a4 e5 15. Bd2 g5 16. Qh5 Ng6 17. Ng3 $18 {
[%csl Re8,Gf5][%cal Gd2b4] from now blacks position seems undefendible.} Nh4 (
17... Nf4 18. Bxf4 gxf4 19. Nf5 Bf6 20. axb5 axb5 21. Bxd5 $18) 18. axb5 axb5
19. exd5 Bxd5 20. Rxa8 Qxa8 21. Ne4 (21. Bxd5 Qxd5 22. Bb4 {[%csl Re8][%cal
Gg3e4]}) 21... Qc6 ({doesn't help} 21... Bxb3 22. Nd6+ $1 Ke7 23. cxb3 Kxd6 (
23... Ng6 24. Bb4 $18) 24. Qxf7 {[%cal Gd2b4]}) 22. Bxd5 Qxd5 23. f4 $1 {
The most effective!} exf4 24. Rxf4 {[%cal Rf4h4]} Ng6 25. Rf5 Qd7 {[%csl Re8]
[%cal Gd2b4,Re4d6]} 1-0